000 00220nam a22001097a 4500
041 _aeng
080 _a80
100 _aNolasco, Rob
245 _aStreetwise. Upper-int. SB.
650 _aEnglish Practice
999 _c279936
_d279936
942 _cBK